| 000 | 00531nam a22001817a 4500 | ||
|---|---|---|---|
| 003 | CEME | ||
| 005 | 20210628202537.0 | ||
| 008 | 210122b xxu||||| |||| 00| 0 eng d | ||
| 020 | _aO-7637-1437-2 | ||
| 040 | _c. | ||
| 082 | _a515.9 ZIL | ||
| 100 |
_aZill , Dennis .G Shanahan, Patrick .D _960419 |
||
| 245 | _aA first course in complex analysis with applications | ||
| 260 |
_aNEW YORK _bJONES AND BARTLET _c2003 |
||
| 300 | _aXI,534 P | ||
| 650 |
_aFUNCTIONS OF COMPLEX VARIABLES.COMPLEX ANALYSIS. _960420 |
||
| 942 |
_cBK _2ddc |
||
| 999 |
_c570140 _d570140 |
||